Statistics for Gilmore Girls: Expert Trivia

Click here to take the quiz!

General Stats

  • This quiz has been taken 58 times
  • The average score is 33 of 100

Answer Stats

HintAnswer% Correct
Who was the first editor at the Yale Daily News during Rory’s time at the paper?Doyle McMaster
70%
Who is the only boyfriend that Rory does not cheat on?Jess
70%
Who introduced Rory and Logan?Marty
70%
What Chilton secret society do Rory and Paris join?The Puffs
70%
What is Logan's nickname for Rory?Ace
68%
What is the name of Richard's former fiancé?Pennilyn Lott
68%
According to Sherry, what is “the new pink?”Green
66%
What inn do Lorelai and Rory stay at during their roadtrip to Harvard?The Cheshire Cat
66%
What is the name of Liz and TJ's baby?Doula
64%
Whose nickname is Digger?Jason Stiles
64%
How many and in what timeline did Jackson want to have kids?4 kids in 4 years
61%
What phrase is featured on Kirk’s first humorous topical event daily shirt?"Babette ate oatmeal"
61%
What was Luke's nickname in high school?Butch
59%
What is the name of the short-lived harp player at the Independence Inn?Drella
59%
What song does Lorelai drunkenly sing at karaoke night?"I Will Always Love You"
59%
Who is the owner of the Independence Inn?Mia Bass
59%
What does Lucy call Marty?Boyfriend
57%
What product did Rory shoplift after her first kiss?Cornstarch
57%
What school does Paris decide to attend after her graduation from Yale?Harvard Medical School
57%
What is Rory's middle name?Leigh
57%
Who is the first girl Jess dates in Stars Hollow?Shane
57%
What size bed does Luke originally own?Single
57%
What game do Lorelai and Rory bring out in awkward social situations?Bop It
55%
What is Rory's half-sister's name?Georgia "Gigi" Hayden
55%
Why does Paris believe she did not get into Harvard?She had sex
55%
In Season 1, where does Richard give Rory money to go to?Fez
52%
How does Lorelai tell her parents she has gone into labor?A note
50%
When Emily catches Lorelai I kissing a man, what is the man wearing?A purple velour jogging suit
50%
What perfect 1950s TV mother does Rory dress up as in an attempt to please Dean?Donna Reed
50%
What signature dish did Sookie feed her mother on her deathbed that she claims is magic?Risotto
50%
What street does Dean live on?Peach Street
48%
What memento of Lorelai did Luke carry in his wallet for 8 years?A horoscope
45%
What chore was Dean regularly given at the Gilmore household?Changing the water bottle
45%
What Broadway musical does Brad star in?Into The Woods
45%
Finish the Richard quote: Only ________ have two glasses of wine at lunch.Prostitutes
43%
What does Lorelai have a sixth sense and admiration for?Snow
43%
What are the names of Lane's children?Steve and Kwan
41%
What Chilton student does Rory give a tour of Yale to?Anna Fairchild
39%
What did Jackson want to name his first baby if it was a girl?Colgate
39%
What musical group was Lorelai I renting her house to?Korn
39%
Whose hair did Lane caress without their permission?Rich Bloomenfeld
39%
What lipstick shade does Lorelai share with Emily during their spa weekend?Vicious Trollop
39%
What actor does Emily have a crush on?Will Smith
39%
Which one of Lorelai’s boyfriends takes her fishing?Alex Lesman
36%
What soup does Richard request after his mother's death?Mock turtle soup
36%
How much community service is Rory ordered to do after her arrest?300 hours in 6 months
34%
What is Rory’s major at Yale?English
34%
What is the motto of the Life and Death Brigade?"In Omnia Paratus"
34%
What senator did Rory interview for the Yale Daily News?Barack Obama
32%
What is the name of Liz’s friend that constantly hits on Luke?Carrie "Crazy Carrie" Duncan
32%
What is TJ's real name?Gary
30%
What actress does Miss Celine compare Lorelai to?Natalie Wood
30%
What movie does Marty love that he and Rory watch together?Duck Soup (1933)
27%
What is the title of Jess' book?The Subsect
27%
Who was the salutatorian at Chilton?Brad Langford
25%
What did Lorelai have a drawer full of as a teenager to hide what was underneath them?Tootsie rolls
25%
What car do Emily and Richard gift Rory?2003 Toyota Prius
23%
Before finding out about his job at Walmart, what does Luke accuse Jess of being?A gigolo
23%
What journalist does Rory admire?Christiane Amanpour
23%
Who does Lorelai meet at an auction and reluctantly asks Emily for his name?Peyton Sanders
23%
What band does Jess get him and Rory concert tickets for?The Distillers
23%
What is the game Lorelai and Rory play to find their future husbands?1, 2, 3, He's Yours
20%
During her meeting with Max and Headmaster Charleston, what does Lorelai refer to the headmaster as?"Il Duce"
20%
What Gilmore family member is infamous for stealing family heirlooms?Marilyn Gilmore
20%
Which Gilmore family member is voted to be moved to the annex of the mausoleum?Aunt Cecile
18%
Finish the Lane quote: ________ ________ is what I'm risking for my rock and roll.Eternal damnation
18%
What did Emily make for Lorelai when she was sick?Mashed banana on toast
18%
Who is Michel's rival at the Independence Inn?Tobin
18%
What artist's painting is displayed in the Huntzberger mansion?Diego Velázquez
16%
What book does Jess steal from Rory to write notes in the margins?Howl
16%
What is Stars Hollow High School's mascot?Minutemen
16%
When is Luke's dark day?November 30
16%
What is Rory and Dean's song?"The Candy Man"
16%
What newspaper offers Rory a full-time position that she declines but later regrets?The Providence Journal-Bulletin
16%
What a capella group was Richard was part of at Yale?The Whiffenpoofs
16%
What was Paul Anka’s original name before Lorelai renamed him?Cocoa
14%
What real-life rockstar plays the character of Gil?Sebastian Bach
14%
What New York City park does Jess frequent?Washington Square Park
14%
What type of motorcycle does Christopher own?2000 Indian
11%
Whose phone line picks up other people's conversations?Eastside Tilly
11%
What is the name of Lorelai and Rory’s pet hamster they quickly returned?Skippy
11%
What song do Emily and Richard dance to at their vow renewal?"Wedding Bell Blues"
11%
What item does Asher leave Paris in his will?An antique printing press
9%
Who is the Gilmore family's lawyer?Charlie Davenport
9%
Finish the Jess quote: You know, ________ only has lovely things to say about you.Ernest
9%
Who does Marty meet over the summer that causes him to spend the next six weeks showering?Nicole Richie
9%
What college does Lane briefly attend?Seventh-Day Adventist College
9%
Who does Rory go to Finn’s Quentin Tarantino themed party dressed as?Gogo Yubari
7%
What artist's record does Rory get Lorelai for graduation that she accidentally leaves on the bus?The Go-Go's
7%
What movie does the group plan to see at Lane’s bachelorette party?American Gigolo (1980)
5%
What is the name of Jimmy’s hot-dog stand in Venice?Dante's Inferno
5%
What restaurant does Luke take Lorelai to on their first date?Sniffy's Tavern
5%
Which episode of The Twilight Zone is the rocket Logan gifted to Rory inspired by?"The Long Morrow"
5%
How many maids does Emily employ throughout the series?59
2%
What is the mascot of the soccer team Luke’s Diner sponsors?Bobcats
2%
What band was on Lane’s shirt when she met Dave and was how he identified her?Dead Kennedys
2%
Which dorms did Rory live in at Yale?Durfee and Branford
2%
What play is the phrase Mrs. Kim says to Dave from that he mistakenly thinks is a Bible verse?Henry VI
0%
What did Paris major in at Yale?Political science and biochemistry
0%
What streets was the party on that Madeline and Louise leave the Bangles concert to go to?The corner of Waverly and First
0%

Score Distribution

Percentile by Number Answered

Percent of People with Each Score

Your Score History

You have not taken this quiz